My fault (Record no. 33475)
[ view plain ]
| 000 -LEADER | |
|---|---|
| fixed length control field | 00313nam a2200133Ia 4500 |
| 008 - FIXED-LENGTH DATA ELEMENTS--GENERAL INFORMATION | |
| fixed length control field | 260107s9999||||xx |||||||||||||| ||und|| |
| 020 ## - INTERNATIONAL STANDARD BOOK NUMBER | |
| International Standard Book Number | 9781728290737 |
| 082 ## - DEWEY DECIMAL CLASSIFICATION NUMBER | |
| Classification number | 823.92 |
| Item number | RON |
| 100 ## - MAIN ENTRY--PERSONAL NAME | |
| 9 (RLIN) | 6322 |
| 245 #0 - TITLE STATEMENT | |
| Title | My fault |
| 260 ## - PUBLICATION, DISTRIBUTION, ETC. | |
| Place of publication, distribution, etc. | Illinois |
| Name of publisher, distributor, etc. | Bloom Books |
| Date of publication, distribution, etc. | 2023 |
| 300 ## - PHYSICAL DESCRIPTION | |
| Extent | 383 p. |
| 942 ## - ADDED ENTRY ELEMENTS (KOHA) | |
| Koha item type | Gifted Books |
| Home library | Withdrawn status | Lost status | Damaged status | Not for loan | Current library | Date acquired | Cost, normal purchase price | Total Checkouts | Total Renewals | Full call number | Barcode | Date last seen | Date last checked out | Price effective from | Koha item type |
|---|---|---|---|---|---|---|---|---|---|---|---|---|---|---|---|
| Ron, Mercedes | |||||||||||||||
| Library and Information Resource Centre | Library and Information Resource Centre | 2026-01-08 | 631.00 | 2 | 1 | 823.92 RON | G5855 | 2026-03-29 | 2026-03-08 | 2026-01-08 | Gifted Books |
